000 00345nam a2200133Ia 4500
008 221030s9999 xx 000 0 und d
041 _aEnglish
100 _aK. L. Varmani
245 0 _aExcellent English Grammar & Compsition
_cby K. L. Varmani
260 _bVishvas Pub.
_aChandigarh
_c0
300 _a192
650 _aBB English
942 _cBK
999 _c18792
_d18792